[Event "Elit(Vasteras-Upsala)"]
[Site "?"]
[Date "2008.10.25"]
[Round "1"]
[White "Johansson, Jan"]
[Black "Akesson, Ralf"]
[Result "1/2-1/2"]
[WhiteElo "2478"]
[BlackElo "2541"]
[PlyCount "66"]
[EventDate "2008.11.19"]
[SourceDate "2008.11.19"]

1. e4 c5 2. Nf3 e6 3. d4 cxd4 4. Nxd4 Nc6 5. Nc3 Qc7 6. g3 a6 7. Bg2 Nf6 8. O-O
Nxd4 9. Qxd4 Bc5 10. Bf4 d6 11. Qd2 h6 12. Rad1 e5 13. Be3 Bg4 14. Bxc5 dxc5
15. f3 Be6 16. f4 O-O 17. f5 Bc4 18. Rfe1 Rad8 19. Qe3 Rd4 20. b3 Bb5 21. Nd5
Qd6 22. c3 Nxd5 23. exd5 Rxd1 24. Rxd1 c4 25. b4 b6 26. Be4 Bd7 27. Rf1 f6 28.
g4 Ra8 29. Rb1 Be8 30. h4 Bf7 31. Kf2 Rd8 32. Rd1 Kf8 33. Qe2 Qc7 1/2-1/2

[Event "Elit(Vasteras-Upsala)"]
[Site "?"]
[Date "2008.10.25"]
[Round "1"]
[White "Eriksson, Johan"]
[Black "Lundvik, Jonas"]
[Result "1-0"]
[WhiteElo "2429"]
[BlackElo "2362"]
[PlyCount "83"]

1. d4 Nf6 2. c4 e6 3. Nc3 Bb4 4. Qc2 d5 5. a3 Bxc3+ 6. Qxc3 O-O 7. Nf3 b6 8.
Bg5 Bb7 9. e3 Nbd7 10. cxd5 Bxd5 11. Ne5 h6 12. Nxd7 hxg5 13. Nxf8 Kxf8 14. Rc1
c5 15. dxc5 Ne4 16. Qc2 Nxc5 17. b4 Nb3 18. Rd1 Qf6 19. Rxd5 exd5 20. Qxb3 Qa1+
21. Qd1 Qc3+ 22. Qd2 Qa1+ 23. Qd1 Qc3+ 24. Ke2 Rc8 25. Qd4 Qc2+ 26. Kf3 Rc6 27.
Kg3 Rf6 28. e4 Qc1 29. e5 Rf4 30. Qe3 Qb1 31. h3 d4 32. Qd2 Qf5 33. Kh2 Qxe5
34. g3 Rf3 35. Bg2 Rxa3 36. Re1 Qf6 37. Re4 d3 38. Qe3 g6 39. h4 g4 40. Qh6+
Qg7 41. Re8+ Kxe8 42. Qxg7 1-0

[Event "Elit(Vasteras-Upsala)"]
[Site "?"]
[Date "2008.10.25"]
[Round "1"]
[White "Glimbrandt, Torbjorn"]
[Black "Sjodahl, Pontus"]
[Result "0-1"]
[WhiteElo "2348"]
[BlackElo "2494"]
[PlyCount "104"]
[EventDate "2008.??.??"]

1. d4 Nf6 2. Nf3 d5 3. c4 e6 4. e3 b6 5. Nc3 Bb7 6. cxd5 exd5 7. Be2 Bd6 8. O-O
O-O 9. b3 a6 10. Bb2 Nbd7 11. Rc1 Qe7 12. Qc2 Rfe8 13. Rfd1 Rac8 14. Qf5 Qe6
15. Qxe6 fxe6 16. Na4 c5 17. Ne5 cxd4 18. Nxd7 Nxd7 19. Bxd4 b5 20. Nb6 Nxb6
21. Bxb6 Ba3 22. Rxc8 Rxc8 23. Bd3 e5 24. Kf1 Kf7 25. h3 g6 26. Ke2 Ke6 27. Ba5
Bd6 28. Bd2 e4 29. Bb1 b4 30. f3 a5 31. Rc1 Rf8 32. f4 g5 33. g3 gxf4 34. gxf4
Rg8 35. Kf2 Be7 36. Be1 Bh4+ 37. Ke2 Ba6+ 38. Kd1 Rg1 39. Rc6+ Kf5 40. Rxa6
Rxe1+ 41. Kc2 Re2+ 42. Kd1 Re1+ 43. Kc2 Rxe3 44. Rxa5 Rd3 45. a3 bxa3 46. Rxa3
Kxf4 47. Ra7 Rxh3 48. b4 Bf6 49. Rf7 Rh2+ 50. Kd1 Ke5 51. Bc2 Bg5 52. Ba4 d4
0-1

[Event "Elit(Vasteras-Upsala)"]
[Site "?"]
[Date "2008.10.25"]
[Round "1"]
[White "Norberg, Johan"]
[Black "Burwick, Malte"]
[Result "0-1"]
[WhiteElo "2386"]
[BlackElo "2302"]
[PlyCount "70"]

1. e4 g6 2. d4 Bg7 3. Nc3 d6 4. Be3 a6 5. h4 h6 6. Qd2 Nd7 7. h5 g5 8. Nge2 e6
9. g3 Nb6 10. b3 d5 11. e5 f5 12. f4 g4 13. Kf2 Bd7 14. Nc1 Bc6 15. Bg2 Ne7 16.
Nd3 Kf7 17. a4 a5 18. Nd1 Qc8 19. N1b2 Rd8 20. Qe1 Qb8 21. c4 dxc4 22. bxc4 Bf8
23. Qc3 Bxg2 24. Kxg2 Qa7 25. d5 Nbxd5 26. cxd5 Qxe3 27. dxe6+ Kg8 28. Rae1
Qf3+ 29. Kh2 b5 30. Rhf1 Qb7 31. Rc1 Qe4 32. axb5 a4 33. Ra1 Rd4 34. Rfe1 Qd5
35. Nc5 Rd2+ 0-1

[Event "Elit(Vasteras-Upsala)"]
[Site "?"]
[Date "2008.10.25"]
[Round "1"]
[White "Andersson, Fredrik"]
[Black "Nygren, Kim"]
[Result "1-0"]
[WhiteElo "2317"]
[BlackElo "2317"]
[PlyCount "101"]

1. d4 d5 2. Nf3 Nf6 3. c4 c6 4. Qb3 e6 5. Bg5 Nbd7 6. Nc3 Be7 7. e3 Ne4 8. Bxe7
Qxe7 9. Bd3 Nxc3 10. Qxc3 O-O 11. O-O dxc4 12. Bxc4 b6 13. b4 Bb7 14. Be2 Rac8
15. Rab1 Nf6 16. Qa3 Ba8 17. Rfc1 Rfd8 18. Ne5 Nd5 19. Nd3 a5 20. Qb2 axb4 21.
Nxb4 c5 22. Nxd5 Rxd5 23. Bf3 Rg5 24. Bxa8 Rxa8 25. Qxb6 cxd4 26. Qxd4 h6 27.
Rb2 Rga5 28. Qe4 Qf6 29. Qb1 g6 30. Rb8+ Rxb8 31. Qxb8+ Kg7 32. Qb3 Rf5 33. Qc3
Rxf2 34. Qxf6+ Rxf6 35. Rf1 Rxf1+ 36. Kxf1 Kf6 37. Ke2 Ke5 38. Kd3 Kd5 39. e4+
Ke5 40. a4 f5 41. a5 Kd6 42. exf5 exf5 43. Kd4 g5 44. a6 Kc6 45. Ke5 f4 46. Kf5
Kb6 47. h3 Kxa6 48. Kg6 g4 49. hxg4 Kb5 50. Kxh6 Kc4 51. g5 1-0

[Event "Elit(Vasteras-Upsala)"]
[Site "?"]
[Date "2008.10.25"]
[Round "1"]
[White "Eriksson, Anders"]
[Black "Lindberg, Henrik"]
[Result "1-0"]
[WhiteElo "2370"]
[BlackElo "2320"]
[PlyCount "105"]

1. Nf3 c5 2. g3 Nc6 3. c4 Nf6 4. Bg2 d5 5. cxd5 Nxd5 6. d4 e6 7. O-O Be7 8. Nc3
cxd4 9. Nxd5 exd5 10. Nxd4 O-O 11. Be3 Be6 12. Rc1 Ne5 13. Nxe6 fxe6 14. Bh3
Qd7 15. f4 Nc6 16. Qb3 Kh8 17. Bf2 Rfe8 18. e4 Bf8 19. exd5 Qxd5 20. Qxb7 Nb4
21. Qxd5 exd5 22. Rcd1 Nxa2 23. Rxd5 Nb4 24. Rd2 a5 25. Ra1 h6 26. Bg2 Rad8 27.
Rxd8 Rxd8 28. b3 Nd3 29. Rd1 Be7 30. Be3 Nb4 31. Rxd8+ Bxd8 32. Kf1 Nc2 33. Bc5
Bf6 34. Bd5 Bc3 35. Ke2 Nb4 36. Bc4 Kh7 37. Bb6 Nc6 38. Kd3 Bb4 39. Bd5 Ne7 40.
Be4+ Kg8 41. Kc4 Nc8 42. Bd5+ Kf8 43. Bc5+ Nd6+ 44. Kd4 Ke7 45. Bxb4 axb4 46.
Kc5 Nf5 47. Kxb4 Kd6 48. Bc4 h5 49. Bd3 Ne3 50. Kc3 h4 51. Kd4 Ng4 52. gxh4
Nxh2 53. Be2 1-0

[Event "Elit(Vasteras-Upsala)"]
[Site "?"]
[Date "2008.10.25"]
[Round "1"]
[White "Marttala, Thomas"]
[Black "Norberg, Erik"]
[Result "1/2-1/2"]
[WhiteElo "2251"]
[BlackElo "2292"]
[PlyCount "70"]

1. e4 g6 2. d4 Bg7 3. Nc3 d6 4. g3 Nf6 5. Bg2 O-O 6. Nge2 e5 7. h3 Nc6 8. Be3
exd4 9. Nxd4 Ne5 10. O-O Re8 11. Re1 a6 12. a4 Bd7 13. f4 Nc4 14. Bf2 c5 15.
Nde2 Qc7 16. b3 Na5 17. Qd2 Rad8 18. Rad1 Bc6 19. Nc1 b5 20. axb5 axb5 21. Nd5
Nxd5 22. exd5 Bd7 23. Rxe8+ Rxe8 24. Re1 Nb7 25. Rxe8+ Bxe8 26. c4 b4 27. Qa2
Qa5 28. Qxa5 Nxa5 29. Bf3 Bc3 30. Bd1 Bd7 31. g4 h5 32. Kg2 hxg4 33. hxg4 f6
34. Kf3 Kf7 35. Bc2 f5 1/2-1/2

[Event "Elit(Vasteras-Upsala)"]
[Site "?"]
[Date "2008.10.25"]
[Round "1"]
[White "Nilsson, Andre"]
[Black "Johansson, Carl Fredrik"]
[Result "0-1"]
[WhiteElo "2330"]
[BlackElo "2207"]
[PlyCount "130"]

1. g3 Nf6 2. Bg2 d5 3. Nf3 c5 4. O-O Nc6 5. d3 e6 6. Nbd2 Be7 7. e4 Qc7 8. Qe2
b6 9. Re1 Bb7 10. c3 O-O-O 11. e5 Nd7 12. h4 g5 13. hxg5 h6 14. gxh6 Rxh6 15.
Nf1 Rh5 16. d4 Rdh8 17. Be3 Qd8 18. g4 R5h7 19. Ng3 Qg8 20. g5 Nf8 21. dxc5
bxc5 22. b4 Ng6 23. bxc5 Nh4 24. Nxh4 Rxh4 25. Rab1 Qh7 26. Qb5 Ba8 27. Rb2 Kc7
28. Qa6 Rb8 29. Rxb8 Kxb8 30. Qb5+ Kc7 31. Rb1 Qc2 32. Ne2 Rg4 33. Kf1 Rxg2 34.
Kxg2 d4 35. Kg3 dxe3 36. f4 Qe4 37. Nd4 Qg2+ 38. Kxg2 Nxd4+ 39. Kf1 Nxb5 40.
Rxb5 Bd5 41. Ra5 Bc4+ 42. Ke1 a6 43. Ra4 Bb5 44. Re4 Bxc5 45. f5 Bd3 46. Rf4
Bxf5 47. Ke2 Bg6 48. Rh4 Kc6 49. Rh8 Kd5 50. Rc8 Bh5+ 51. Ke1 Ba3 52. Rh8 Bg6
53. Ke2 Bc1 54. c4+ Kxe5 55. c5 Bf5 56. Rh4 Bd2 57. Ra4 Kd5 58. Rxa6 Bg4+ 59.
Kd3 Kxc5 60. Ra4 Bf5+ 61. Ke2 Bg6 62. Rf4 e5 63. Rh4 Kd5 64. a4 Ke6 65. a5 Bxa5
0-1

[Event "Elit(Skara-Kamraterna)"]
[Site "?"]
[Date "2008.10.25"]
[Round "1"]
[White "Svensson, Bengt"]
[Black "Djurhuus, Rune"]
[Result "1/2-1/2"]
[WhiteElo "2496"]
[BlackElo "2561"]
[PlyCount "34"]
[SourceDate "2008.11.20"]

1. e4 e6 2. d4 d5 3. Nc3 Bb4 4. e5 c5 5. a3 Bxc3+ 6. bxc3 Ne7 7. Qg4 Kf8 8. Nf3
Qc7 9. Bd3 cxd4 10. Qxd4 Nec6 11. Qc5+ Kg8 12. Bf4 Nd7 13. Qe3 b6 14. O-O Nc5
15. Nd4 Nxd4 16. cxd4 Nxd3 17. cxd3 Ba6 1/2-1/2

[Event "Elit(Skara-Kamraterna)"]
[Site "?"]
[Date "2008.10.25"]
[Round "1"]
[White "Kotronias, Vassilios"]
[Black "Andreasson, Ingvar"]
[Result "1-0"]
[WhiteElo "2715"]
[BlackElo "2418"]
[PlyCount "137"]

1. e4 d6 2. d4 Nf6 3. Nc3 g6 4. f4 Bg7 5. Nf3 O-O 6. Be3 Na6 7. Qd2 c5 8. e5
Ng4 9. Bg1 cxd4 10. Bxd4 dxe5 11. fxe5 Nb4 12. h3 Bh6 13. Qe2 Ne3 14. Bxe3 Bxe3
15. a3 Bf4 16. Ne4 Nc6 17. g3 Bh6 18. Rd1 Qc7 19. Nc3 Be6 20. Nb5 Qb6 21. c3
Rad8 22. Nbd4 Bd5 23. Rh2 Bxf3 24. Nxf3 Rxd1+ 25. Kxd1 Qb3+ 26. Ke1 Rd8 27. e6
f6 28. Kf2 Bc1 29. Kg1 Rd1 30. Rf2 a6 31. Kg2 Kg7 32. h4 Qd5 33. Kh2 h5 34. Bg2
Qd6 35. Qc2 Be3 36. Re2 Bh6 37. a4 Rc1 38. Qe4 f5 39. Qc4 f4 40. gxf4 Bxf4+ 41.
Kh3 Rd1 42. Qe4 Rd3 43. Bh1 Be5 44. Kg2 Bf6 45. Kf1 Rd1+ 46. Re1 Rxe1+ 47. Kxe1
Nd8 48. Ng5 b6 49. Qc4 Bxg5 50. hxg5 Qxe6+ 51. Qxe6 Nxe6 52. b4 a5 53. Ke2 Nxg5
54. c4 Ne6 55. c5 Nxc5 56. bxc5 bxc5 57. Kd3 g5 58. Kc4 g4 59. Kxc5 h4 60. Kd4
h3 61. Ke3 g3 62. Bf3 Kf6 63. Bg4 h2 64. Bf3 Ke5 65. Bg2 e6 66. Kf3 Kd4 67.
Kxg3 e5 68. Kxh2 e4 69. Kg1 1-0

[Event "Elit(Skara-Kamraterna)"]
[Site "?"]
[Date "2008.10.25"]
[Round "1"]
[White "Akbarinia, Arash"]
[Black "Eklund, Lars-Goran"]
[Result "1-0"]
[WhiteElo "2388"]
[BlackElo "2375"]
[PlyCount "78"]

1. d4 d5 2. Nf3 Nf6 3. c4 c6 4. Qc2 g6 5. Bf4 Bg7 6. e3 O-O 7. Bd3 Nbd7 8. h3
dxc4 9. Bxc4 Nb6 10. Be2 Bf5 11. Qb3 Be6 12. Qd1 Rc8 13. O-O c5 14. dxc5 Rxc5
15. Nd4 Bc4 16. Bh2 Qc8 17. Nd2 Bxe2 18. Qxe2 Qd7 19. N2b3 Rc4 20. Rfd1 Qa4 21.
Qf3 Nfd5 22. Rd2 h6 23. Rad1 e5 24. Ne2 e4 25. Qg4 h5 26. Qg3 Rfc8 27. Nbd4
Qxa2 28. Qh4 Qa5 29. Bd6 R4c6 30. Nxc6 bxc6 31. Qxe4 Qa6 32. b3 Qb7 33. Qc2 Qd7
34. Bc5 Qe6 35. Bd4 Bh6 36. Nc3 Nb4 37. Qe4 Qxb3 38. Qe5 Kh7 39. Ne4 Qe6 1-0

[Event "Elit(Skara-Kamraterna)"]
[Site "?"]
[Date "2008.10.25"]
[Round "1"]
[White "Mohammadi, Amir"]
[Black "Hamark, Jesper"]
[Result "1/2-1/2"]
[WhiteElo "2308"]
[BlackElo "2358"]
[PlyCount "96"]

1. e4 Nf6 2. e5 Nd5 3. c4 Nb6 4. c5 Nd5 5. Bc4 c6 6. Qf3 e6 7. d4 b6 8. cxb6
axb6 9. Ne2 Ba6 10. Nd2 Bb4 11. b3 O-O 12. O-O f6 13. Qg3 fxe5 14. dxe5 Bxd2
15. Bxd2 c5 16. f4 Ne7 17. Qd3 Qc7 18. Ng3 Bxc4 19. bxc4 Nbc6 20. Bc3 Ra3 21.
Qc2 Nd4 22. Qb2 Ra4 23. Ne2 Rxc4 24. Nxd4 cxd4 25. Bb4 Rc2 26. Qa3 Qc6 27. Qf3
Rf7 28. Bxe7 Rxe7 29. Rf2 Rc3 30. Qh5 Rc1+ 31. Rxc1 Qxc1+ 32. Rf1 Qe3+ 33. Kh1
Rf7 34. g3 Rf8 35. Qf3 Rc8 36. Qxe3 dxe3 37. Re1 Rc3 38. Re2 Kf7 39. Kg2 Ke7
40. Kf3 Ra3 41. Rb2 h5 42. Rxb6 e2+ 43. Kf2 Rxa2 44. h4 Ra3 45. Rb1 Kf7 46. Re1
Kg6 47. Rxe2 Rd3 48. Re3 Rd4 1/2-1/2

[Event "Elit(Skara-Kamraterna)"]
[Site "?"]
[Date "2008.10.25"]
[Round "1"]
[White "Aberg, Anton"]
[Black "Andersson, Goran"]
[Result "1-0"]
[WhiteElo "2387"]
[BlackElo "2304"]
[PlyCount "81"]

1. e4 c5 2. Nf3 d6 3. Bb5+ Bd7 4. Bxd7+ Qxd7 5. O-O Nc6 6. c3 d5 7. exd5 Qxd5
8. d4 e6 9. Qe2 cxd4 10. cxd4 Nf6 11. Nc3 Qd6 12. Bg5 Be7 13. Bxf6 gxf6 14. d5
Nd8 15. Rad1 Qb6 16. Qd2 f5 17. d6 Bf6 18. Na4 Qb5 19. Qh6 Bxb2 20. Qh4 f6 21.
Rb1 O-O 22. Rxb2 Qc6 23. Rd2 e5 24. Nb2 b5 25. Qh3 f4 26. Nh4 Rf7 27. Nf5 Kh8
28. Nd3 Ne6 29. Nb4 Qd7 30. Ne7 Re8 31. Nbc6 Rg7 32. Rfd1 Rf8 33. Kf1 e4 34.
Nd4 f5 35. Ndxf5 Ng5 36. Qc3 Rff7 37. Nxg7 Rxg7 38. Qc8+ Qxc8 39. Nxc8 Rd7 40.
Rc2 Ne6 41. Rd5 1-0

[Event "Elit(Skara-Kamraterna)"]
[Site "?"]
[Date "2008.10.25"]
[Round "1"]
[White "Svensson, Sven"]
[Black "Madebrink, Lars"]
[Result "1/2-1/2"]
[WhiteElo "2285"]
[BlackElo "2255"]
[PlyCount "46"]

1. d4 Nf6 2. c4 g6 3. Nc3 Bg7 4. Bg5 O-O 5. Nf3 d6 6. e3 Nbd7 7. Be2 c6 8. Qc2
e5 9. Rd1 Qe7 10. O-O h6 11. Bh4 Re8 12. dxe5 dxe5 13. Ne4 g5 14. Nxf6+ Bxf6
15. Bg3 a5 16. Nd2 Nc5 17. Ne4 Bf5 18. Nxf6+ Qxf6 19. Qc3 Ne4 20. Qa3 Qe7 21.
Qxe7 Rxe7 22. Bd3 Nxg3 23. hxg3 Be6 1/2-1/2

[Event "Elit(Skara-Kamraterna)"]
[Site "?"]
[Date "2008.10.25"]
[Round "1"]
[White "Svenn, Gosta"]
[Black "Friberg, Hans"]
[Result "1-0"]
[WhiteElo "2369"]
[BlackElo "2280"]
[PlyCount "69"]

1. d4 Nf6 2. c4 g6 3. Nc3 Bg7 4. e4 d6 5. Nf3 O-O 6. Be2 e5 7. O-O Nc6 8. d5
Ne7 9. Ne1 Nd7 10. Nd3 f5 11. a4 Nf6 12. f3 f4 13. c5 g5 14. a5 Rf7 15. a6 b6
16. cxd6 cxd6 17. Nb4 Kh8 18. b3 Bf8 19. Ba3 Rg7 20. Nb5 g4 21. Nxd6 gxf3 22.
Bxf3 Qxd6 23. Nc6 Qd7 24. Nxe5 Qe8 25. Bb2 Neg8 26. Nd3 Nxe4 27. Re1 Bf5 28.
Ra4 Nef6 29. Rxe8 Rxe8 30. Rxf4 Bxd3 31. Qxd3 Bc5+ 32. Bd4 Nd7 33. Bxc5 Ne5 34.
Qc3 bxc5 35. Bh5 1-0

[Event "Elit(Skara-Kamraterna)"]
[Site "?"]
[Date "2008.10.25"]
[Round "1"]
[White "Cederqvist, Niclas"]
[Black "Svenn, Matti"]
[Result "1/2-1/2"]
[WhiteElo "2139"]
[BlackElo "2238"]
[PlyCount "60"]

1. d4 d5 2. c4 e6 3. Nc3 Be7 4. Nf3 Nf6 5. Bg5 O-O 6. e3 h6 7. Bh4 b6 8. Be2
Bb7 9. O-O Nbd7 10. Rc1 c5 11. a3 Ne4 12. Bxe7 Qxe7 13. dxc5 bxc5 14. cxd5 Nxc3
15. Rxc3 exd5 16. Qa4 d4 17. Rd3 Nb6 18. Qb5 Be4 19. Rdd1 dxe3 20. fxe3 Bc2 21.
Rde1 Rab8 22. Qa6 Nd5 23. e4 Nf6 24. Rf2 Ng4 25. Rff1 Rxb2 26. e5 Ne3 27. Rf2
Ng4 28. Rff1 Ne3 29. Rf2 Ng4 30. Rff1 Ne3 1/2-1/2

[Event "Elit(LASK-Orgryte)"]
[Site "?"]
[Date "2008.10.25"]
[Round "1"]
[White "Frisk Kockum, Anton"]
[Black "Semcesen, Daniel"]
[Result "0-1"]
[WhiteElo "2319"]
[BlackElo "2446"]
[PlyCount "60"]

1. d4 d5 2. Nf3 Nf6 3. c4 dxc4 4. Nc3 a6 5. a4 Nc6 6. e4 Bg4 7. d5 Ne5 8. Bf4
Ng6 9. Bg3 e5 10. Bxc4 Bd6 11. h3 Bd7 12. O-O O-O 13. Ne1 Re8 14. Nd3 b5 15.
axb5 axb5 16. Bxb5 Bxb5 17. Nxb5 Nxe4 18. Bh2 Nf6 19. Qb3 Rb8 20. Qc4 Qd7 21.
Ra5 e4 22. Nxd6 cxd6 23. Nb4 e3 24. f3 Ne5 25. Bxe5 dxe5 26. Re1 Qd6 27. Nc6
Rxb2 28. Rxe3 e4 29. Rb3 Rd2 30. Nd4 Qg3 0-1

[Event "Elit(LASK-Orgryte)"]
[Site "?"]
[Date "2008.10.25"]
[Round "1"]
[White "Lund, Esben"]
[Black "Ziegler, Ari"]
[Result "1/2-1/2"]
[WhiteElo "2488"]
[BlackElo "2434"]
[PlyCount "90"]

1. d4 Nf6 2. c4 g6 3. Nc3 Bg7 4. Nf3 O-O 5. Bg5 c5 6. d5 d6 7. e3 a6 8. Nd2 b5
9. cxb5 Nbd7 10. bxa6 Bxa6 11. Bxa6 Rxa6 12. O-O Qa8 13. e4 Rb8 14. Qc2 e6 15.
dxe6 fxe6 16. h3 d5 17. Rfe1 d4 18. Nd1 Rxa2 19. Rxa2 Qxa2 20. f4 Rb4 21. Qd3
e5 22. Rf1 exf4 23. Bxf4 Nh5 24. g3 Nxf4 25. gxf4 c4 26. Qa3 Qxa3 27. bxa3 Ra4
28. Nb2 Rxa3 29. Nbxc4 Rxh3 30. Rf3 Rxf3 31. Nxf3 Nc5 32. e5 Ne6 33. Kf2 Bh6
34. f5 gxf5 35. Nd6 Be3+ 36. Ke2 f4 37. Kd3 h5 38. Nf5 Kf7 39. Nd6+ Ke7 40.
Nf5+ Kd7 41. Kc4 Kc6 42. Ne7+ Kd7 43. Nd5 Kc6 44. Ne7+ Kd7 45. Nd5 Kc6 1/2-1/2

[Event "Elit(LASK-Orgryte)"]
[Site "?"]
[Date "2008.10.25"]
[Round "1"]
[White "Arnelind, Mikael"]
[Black "Tikkanen, Hans"]
[Result "0-1"]
[WhiteElo "2277"]
[BlackElo "2468"]
[PlyCount "64"]

1. d4 d5 2. c4 e5 3. dxe5 d4 4. Nf3 Nc6 5. g3 Nge7 6. Bg2 Ng6 7. Bg5 Qd7 8. O-O
h6 9. Bc1 Ngxe5 10. Nxe5 Nxe5 11. b3 g6 12. Ba3 h5 13. Bxf8 Kxf8 14. h3 c5 15.
Nd2 Qe7 16. Ne4 Bf5 17. Rc1 h4 18. g4 Nxg4 19. Nxc5 Qxc5 20. hxg4 Bxg4 21. Bd5
Re8 22. Rc2 Rh5 23. Kh1 Bf5 24. Rd2 Be4+ 25. Bxe4 Rxe4 26. f3 Rf4 27. e3 dxe3
28. Rd8+ Kg7 29. b4 Qf5 30. Kh2 Qe5 31. Rd5 e2 32. Rxe5 exd1=Q 0-1

[Event "Elit(LASK-Orgryte)"]
[Site "?"]
[Date "2008.10.25"]
[Round "1"]
[White "Olsson, Linus"]
[Black "Ostberg, Peter"]
[Result "1-0"]
[WhiteElo "2443"]
[BlackElo "2234"]
[PlyCount "89"]

1. d4 d5 2. c4 c6 3. Nf3 Nf6 4. Nc3 e6 5. e3 Nbd7 6. Bd3 dxc4 7. Bxc4 b5 8. Bd3
Bb7 9. a3 a6 10. b4 a5 11. Rb1 axb4 12. axb4 Bd6 13. Bd2 e5 14. O-O O-O 15. Qc2
Re8 16. Ng5 g6 17. Nge4 Bf8 18. Rfd1 Qb6 19. Nxf6+ Nxf6 20. dxe5 Rxe5 21. Ne2
Ree8 22. Nf4 Bg7 23. Bc3 Ng4 24. Bxg7 Kxg7 25. h3 Ne5 26. Be2 Rad8 27. Qc3 Kg8
28. Rd4 Rxd4 29. exd4 Nc4 30. Bf3 Qc7 31. g3 Ra8 32. Ra1 Rd8 33. h4 h5 34. Rd1
Ra8 35. Ra1 Rd8 36. Be2 Qb6 37. Rd1 Nd6 38. Qc5 Qa6 39. Qg5 Re8 40. Bd3 Qa4 41.
Rb1 Ne4 42. Bxe4 Rxe4 43. Nxg6 Rxd4 44. Nf4+ Kf8 45. Qc5+ 1-0

[Event "Elit(LASK-Orgryte)"]
[Site "?"]
[Date "2008.10.25"]
[Round "1"]
[White "Hultin, Johan"]
[Black "Smith, Axel"]
[Result "1/2-1/2"]
[WhiteElo "2289"]
[BlackElo "2429"]
[PlyCount "50"]

1. d4 d5 2. c4 e6 3. Nc3 c6 4. e3 Nf6 5. Nf3 Nbd7 6. Qc2 Bd6 7. Be2 O-O 8. O-O
Qe7 9. Rd1 Re8 10. h3 dxc4 11. Bxc4 b5 12. Bb3 h6 13. e4 e5 14. Be3 a6 15. Ne2
c5 16. dxe5 Bxe5 17. Nxe5 Qxe5 18. Bd5 Nxd5 19. Rxd5 Qxe4 20. Qxe4 Rxe4 21.
Rad1 Re7 22. Ng3 Kh7 23. Nf5 Re5 24. Nd6 Rxd5 25. Rxd5 Nf6 1/2-1/2

[Event "Elit(LASK-Orgryte)"]
[Site "?"]
[Date "2008.10.25"]
[Round "1"]
[White "Bejtovic, Jasmin"]
[Black "Eksmyr, Johan"]
[Result "1-0"]
[WhiteElo "2340"]
[BlackElo "2184"]
[PlyCount "65"]

1. e4 c6 2. d4 d5 3. Nc3 dxe4 4. Nxe4 Nd7 5. Ng5 Ngf6 6. Bd3 e6 7. N1f3 h6 8.
Nxe6 Qe7 9. O-O fxe6 10. Bg6+ Kd8 11. Bf4 Nd5 12. Bg3 Qb4 13. Re1 Be7 14. a3
Qxb2 15. c4 Nc3 16. Qd3 Rf8 17. Rac1 Ne2+ 18. Qxe2 Qxe2 19. Rxe2 Rf6 20. Bh5
Bxa3 21. Ra1 Bb4 22. d5 Nb6 23. dxc6 Nxc4 24. Rc1 b5 25. Nd4 Ba3 26. Rd1 Ke7
27. Nxb5 Rf5 28. Nxa3 Nxa3 29. Bf3 a5 30. Bd6+ Kf6 31. Bxa3 Ba6 32. Bb2+ Kf7
33. Rd7+ 1-0

[Event "Elit(LASK-Orgryte)"]
[Site "?"]
[Date "2008.10.25"]
[Round "1"]
[White "Forsberg, Jan-Olof"]
[Black "Dragicevic, Drazen"]
[Result "0-1"]
[WhiteElo "2177"]
[BlackElo "2390"]
[PlyCount "136"]

1. d4 Nf6 2. c4 g6 3. Nc3 d5 4. Nf3 Bg7 5. Qb3 dxc4 6. Qxc4 O-O 7. e4 c6 8. Qb3
a5 9. Be2 b5 10. e5 a4 11. Qd1 Nd5 12. O-O Nxc3 13. bxc3 Be6 14. Be3 Nd7 15.
Qc1 Nb6 16. Bh6 Qd7 17. Bxg7 Kxg7 18. Ng5 Bd5 19. Qf4 Qf5 20. Qxf5 gxf5 21. Nh3
Rfb8 22. Nf4 Nc4 23. Nd3 e6 24. Rfc1 Kf8 25. f3 Ke7 26. Kf2 Rg8 27. Nf4 Rab8
28. Bxc4 Bxc4 29. a3 c5 30. Rd1 cxd4 31. Rxd4 Bb3 32. Re1 Rbc8 33. Re3 Rc5 34.
Ke1 Rgc8 35. Kd2 f6 36. exf6+ Kxf6 37. Rd7 e5 38. Rd6+ Kf7 39. Nd3 Ke7 40. Nxc5
Kxd6 41. Nd3 Re8 42. f4 e4 43. Ne5 Kc5 44. Nd7+ Kc6 45. Ne5+ Kb6 46. Rh3 Rd8+
47. Ke3 Rd1 48. Rh6+ Kc5 49. Rf6 Rc1 50. Rc6+ Kd5 51. Rc8 Re1+ 52. Kd2 Ra1 53.
Rd8+ Kc5 54. Rc8+ Kd6 55. Rc6+ Kd5 56. Rb6 Rxa3 57. Rxb5+ Kd6 58. c4 Ra2+ 59.
Kc3 e3 60. Rb6+ Kc7 61. Rh6 e2 62. Rxh7+ Kd6 63. Rh6+ Ke7 64. Nf3 Rc2+ 65. Kd3
a3 66. Rh7+ Kf6 67. h4 a2 68. h5 a1=Q 0-1

[Event "Elit(LASK-Orgryte)"]
[Site "?"]
[Date "2008.10.25"]
[Round "1"]
[White "Nilsson, Sebastian"]
[Black "Virolainen, Victor"]
[Result "1/2-1/2"]
[WhiteElo "2327"]
[BlackElo "2222"]
[PlyCount "138"]

1. e4 e5 2. Nf3 Nc6 3. d4 exd4 4. Nxd4 Bc5 5. Nb3 Bb6 6. a4 a6 7. Nc3 d6 8. Nd5
Ba7 9. Qf3 Nge7 10. Bg5 Be6 11. O-O-O Bxd5 12. exd5 Ne5 13. Qe2 h6 14. Be3
Bxe3+ 15. Qxe3 O-O 16. f4 Ng4 17. Qf3 Qd7 18. g3 Nf6 19. a5 Rfe8 20. Bg2 b6 21.
Qc3 bxa5 22. Qxa5 Qb5 23. Rhe1 Qxa5 24. Nxa5 Nf5 25. Kd2 Ng4 26. Bh3 Nfe3 27.
Ra1 h5 28. c4 Rab8 29. b3 Kf8 30. Re2 Nf5 31. Rxe8+ Rxe8 32. Nc6 Ra8 33. b4 Ne7
34. Nd4 Nxh2 35. Ra5 Nc8 36. b5 Nb6 37. Rxa6 Re8 38. Kd3 Ng4 39. Bf1 Nf2+ 40.
Kc2 Ne4 41. Ra3 Ra8 42. Re3 Nc5 43. Nb3 Ra2+ 44. Kc3 Nba4+ 45. Kd4 Nxb3+ 46.
Rxb3 Nc5 47. Re3 f5 48. Bd3 g6 49. Kc3 Kf7 50. Bc2 Ra3+ 51. Kd2 Rxe3 52. Kxe3
Ke7 53. Kf3 Kd7 54. Ke3 Kc8 55. Kd4 Kb7 56. Bd3 Kb6 57. Bb1 Ka5 58. Bd3 Kb4 59.
Bc2 Nd7 60. Bd1 Ka3 61. Bc2 Nc5 62. Kc3 Nd7 63. Bd1 Nf6 64. Bc2 Nd7 65. Bd1 Ka2
66. Bc2 Nc5 67. Bd3 Nd7 68. Bc2 Ka3 69. Bd1 Nc5 1/2-1/2

[Event "Elit(Limhamn-Manhem)"]
[Site "?"]
[Date "2008.10.25"]
[Round "1"]
[White "Nithander, Victor"]
[Black "Hector, Jonny"]
[Result "0-1"]
[WhiteElo "2436"]
[BlackElo "2616"]
[PlyCount "64"]
[SourceDate "2008.11.20"]

1. e4 e5 2. Nf3 Nc6 3. Bb5 a6 4. Ba4 d6 5. O-O Bg4 6. h3 h5 7. c3 Qf6 8. d3
Bxf3 9. Qxf3 Qxf3 10. gxf3 Nge7 11. f4 exf4 12. Bxf4 O-O-O 13. Nd2 g5 14. Be3
Bh6 15. Bd1 g4 16. Bxh6 Rxh6 17. hxg4 hxg4 18. Kg2 d5 19. exd5 Nxd5 20. Bxg4+
Kb8 21. d4 Rg8 22. Kf3 Rf6+ 23. Ke4 Rxg4+ 24. Kxd5 Rd6+ 25. Kc4 Nxd4 26. cxd4
Rgxd4+ 27. Kc3 Rxd2 28. b3 c5 29. Rac1 Rxa2 30. Rc2 Rxc2+ 31. Kxc2 Kc7 32. Re1
Kc6 0-1

[Event "Elit(Limhamn-Manhem)"]
[Site "?"]
[Date "2008.10.25"]
[Round "1"]
[White "Jepson, Christian"]
[Black "Akesson, Joel"]
[Result "1/2-1/2"]
[WhiteElo "2444"]
[BlackElo "2366"]
[PlyCount "104"]

1. c4 c5 2. g3 g6 3. Bg2 Bg7 4. Nc3 Nc6 5. a3 d6 6. Rb1 a5 7. Nf3 e6 8. O-O
Nge7 9. e3 O-O 10. d4 cxd4 11. Nxd4 Nxd4 12. exd4 d5 13. cxd5 Nxd5 14. Re1 Ra6
15. h4 h6 16. Nxd5 exd5 17. Be3 Bf5 18. Rc1 Rb6 19. Qd2 Rb3 20. Rc3 Rxc3 21.
Qxc3 Re8 22. Rc1 Be4 23. Qc7 Bxg2 24. Qxd8 Rxd8 25. Kxg2 Rd6 26. Rc8+ Kh7 27.
Rc5 b6 28. Rc7 Kg8 29. Rc8+ Kh7 30. Rc7 Kg8 31. Kf3 Kf8 32. b4 axb4 33. axb4
Ke8 34. Ke2 Re6 35. Kd3 Re7 36. Rc6 Re6 37. Rc8+ Ke7 38. b5 h5 39. Rb8 Kd7 40.
Rb7+ Ke8 41. f3 Bf6 42. Bf4 Bd8 43. Be5 f6 44. Bf4 Re7 45. Rb8 Ra7 46. Rc8 Ra3+
47. Ke2 Ra2+ 48. Ke1 Ra1+ 49. Kd2 Ra2+ 50. Kd3 Ra3+ 51. Ke2 Ra2+ 52. Kd3 Ra3+
1/2-1/2

[Event "Elit(Limhamn-Manhem)"]
[Site "?"]
[Date "2008.10.25"]
[Round "1"]
[White "Welin, Mats"]
[Black "Schneider, Stefan"]
[Result "0-1"]
[WhiteElo "2302"]
[BlackElo "2451"]
[PlyCount "50"]

1. e4 Nf6 2. e5 Nd5 3. d4 Nb6 4. c4 d6 5. exd6 exd6 6. Nc3 Be7 7. Qf3 Nc6 8.
Be3 O-O 9. h4 f5 10. g3 Bf6 11. O-O-O Be6 12. b3 a5 13. Bh3 a4 14. Nge2 axb3
15. axb3 Na5 16. Kc2 Nc6 17. Bxf5 Nb4+ 18. Kb2 Qd7 19. Bxe6+ Qxe6 20. Nf4 Qf5
21. Qe2 c5 22. Nh5 Bxd4 23. Bxd4 cxd4 24. Rxd4 Qa5 25. Kc1 Qa1+ 0-1